<?xml version="1.0" encoding="UTF-8"?>
<record
    xmlns:xsi="http://www.w3.org/2001/XMLSchema-instance"
    xsi:schemaLocation="http://www.loc.gov/MARC21/slim http://www.loc.gov/standards/marcxml/schema/MARC21slim.xsd"
    xmlns="http://www.loc.gov/MARC21/slim">

  <leader>01184nam a2200301Ia 4500</leader>
  <controlfield tag="001">dia_2810</controlfield>
  <controlfield tag="003">CHAP</controlfield>
  <controlfield tag="005">20230310133638.0</controlfield>
  <controlfield tag="008">220117s1974    xx            000 0 und d</controlfield>
  <datafield tag="010" ind1=" " ind2=" ">
    <subfield code="a">173310</subfield>
  </datafield>
  <datafield tag="040" ind1=" " ind2=" ">
    <subfield code="c">CHAP</subfield>
  </datafield>
  <datafield tag="082" ind1=" " ind2=" ">
    <subfield code="a">664.369 E93 1974</subfield>
  </datafield>
  <datafield tag="110" ind1=" " ind2=" ">
    <subfield code="a">Organizaci&#xF3;n de las Naciones Unidas para el Desarrollo Industrial</subfield>
    <subfield code="9">83535</subfield>
  </datafield>
  <datafield tag="245" ind1=" " ind2=" ">
    <subfield code="a">Examen y an&#xE1;lisis comparativo de las semillas oleaginosas como materia prima y de los procesos adecuados para obtener productos prote&#xED;nicos para el consumo humano  /</subfield>
    <subfield code="c"> Organizaci&#xF3;n de las Naciones Unidas para el Desarrollo Industrial</subfield>
  </datafield>
  <datafield tag="260" ind1=" " ind2=" ">
    <subfield code="a">Estados Unidos de Am&#xE9;rica  :</subfield>
    <subfield code="b"> ONUDI,</subfield>
    <subfield code="c">1974</subfield>
  </datafield>
  <datafield tag="300" ind1=" " ind2=" ">
    <subfield code="a">x, 38 p.</subfield>
  </datafield>
  <datafield tag="504" ind1=" " ind2=" ">
    <subfield code="a">Bibliograf&#xED;a: p.37-38</subfield>
  </datafield>
  <datafield tag="590" ind1=" " ind2=" ">
    <subfield code="a">HD9490 E93 1974</subfield>
  </datafield>
  <datafield tag="650" ind1=" " ind2=" ">
    <subfield code="a">Aceites de semilla  </subfield>
    <subfield code="9">153542</subfield>
  </datafield>
  <datafield tag="650" ind1=" " ind2=" ">
    <subfield code="a">Grasas y aceites vegetales  </subfield>
    <subfield code="9">147725</subfield>
  </datafield>
  <datafield tag="650" ind1=" " ind2=" ">
    <subfield code="a">Plant fats and oils</subfield>
    <subfield code="9">147726</subfield>
  </datafield>
  <datafield tag="650" ind1=" " ind2=" ">
    <subfield code="a">Seed oils  </subfield>
    <subfield code="9">153543</subfield>
  </datafield>
  <datafield tag="710" ind1=" " ind2=" ">
    <subfield code="a">Organizaci&#xF3;n de las Naciones Unidas para el Desarrollo Industrial (ONUDI)</subfield>
    <subfield code="9">153544</subfield>
  </datafield>
  <datafield tag="901" ind1=" " ind2=" ">
    <subfield code="a">664.369 E93 1974</subfield>
  </datafield>
  <datafield tag="902" ind1=" " ind2=" ">
    <subfield code="a">M</subfield>
  </datafield>
  <datafield tag="905" ind1=" " ind2=" ">
    <subfield code="a">5232271974                          -usn   8226123322spa16</subfield>
  </datafield>
  <datafield tag="942" ind1=" " ind2=" ">
    <subfield code="c">LIBRO</subfield>
    <subfield code="2">ddc</subfield>
  </datafield>
  <datafield tag="999" ind1=" " ind2=" ">
    <subfield code="c">173310</subfield>
    <subfield code="d">173310</subfield>
  </datafield>
  <datafield tag="952" ind1=" " ind2=" ">
    <subfield code="0">0</subfield>
    <subfield code="1">0</subfield>
    <subfield code="2">ddc</subfield>
    <subfield code="4">0</subfield>
    <subfield code="5">1</subfield>
    <subfield code="7">0</subfield>
    <subfield code="8">GRAL</subfield>
    <subfield code="a">IA_</subfield>
    <subfield code="b">IA_</subfield>
    <subfield code="d">1978-12-29</subfield>
    <subfield code="e">Compra Patena F. 65209/15 / Vale 10944 (29-12-78) </subfield>
    <subfield code="g">68.00</subfield>
    <subfield code="l">1</subfield>
    <subfield code="o">664.369 E93 1974</subfield>
    <subfield code="p">dia_001284</subfield>
    <subfield code="r">2025-06-09 19:24:15</subfield>
    <subfield code="s">2025-06-09</subfield>
    <subfield code="t">Ej. 1</subfield>
    <subfield code="y">LIBRO</subfield>
  </datafield>
</record>
